000 00518nam a2200181 i 4500
001 41822
003 ES-MaACL
005 20250814045706.0
007 t|
008 030311s1921 sp ||||1| spa d
100 1 _aCasares Bescansa, Fermín.
_936164
245 1 0 _aMecánica general /
_cFermín Casares Bescansa.
260 _aMadrid :
_b[s.n.],
_c1921 (
_fGráficas Reunidas)
300 _a580 p. ;
_c23 cm.
650 0 7 _aMecánica
_2embne
_914869
852 _aES-MaACL
_jF-1571
999 _c41822
_d41822